000 00418nam a2200157 4500
001 140090
003 ES-MaACL
005 20230906200012.0
007 t|
008 070214s1928 fr r ||||1| fre d
100 1 _aSéché, Alphonse.
_9105036
245 1 3 _aLa vie des `Fleurs du mal` /
_cAlphonse Séché.
260 _aAmiens :
_b[s. n.],
_c1928.
300 _a208 p. ;
_c19 x 12 cm.
852 _aES-MaACL
_jA-3050
999 _c140090
_d140090